000 00546nam a2200217Ia 4500
008 170918s9999 xx 000 0 und d
020 _a9780439902540
050 _bA134 2008
100 _aAbbott, Tony
245 _aFlight of the blue serpent /
245 _cTony Abbott ; illustrated by Royce Fitzgerald.
260 _aNew York :
260 _bScholastic,
260 _c2008
300 _a119 pages :
300 _bcolored illustration ;
300 _c19cm.
440 _aThe secrets of droon ;
440 _v33
500 _a630
999 _c341888
_d341888